[Event "Pan American-ch"]
[Site "Washington DC"]
[Date "2006.12.29"]
[Round "5"]
[White "Lyons, David B"]
[Black "Yeh, Albert"]
[Result "1/2-1/2"]
[WhiteElo "1967"]
[BlackElo "2077"]
[PlyCount "114"]
[EventDate "2006.12.27"]
[EventType "swiss"]
[EventRounds "6"]
[EventCountry "USA"]
[SourceTitle "CBM 116 Extra"]
[Source "ChessBase"]
[SourceDate "2007.03.07"]
[SourceVersion "1"]
[SourceVersionDate "2007.03.07"]
[SourceQuality "1"]

1. d4 d5 2. Nf3 Nf6 3. Bg5 Ne4 4. Bh4 c6 5. c3 Qb6 6. Qc1 Bf5 7. Nbd2 Nd7 8. e3 e6 9. Nxe4 Bxe4 10. Be2 Bd6 11. 0-0 0-0 12. b4 Qc7 13. Bg3 b6 14. Nd2 Bg6 15. c4 Bxg3 16. hxg3 Qb7 17. Qc3 a5 18. a3 axb4 19. axb4 Rxa1 20. Rxa1 Ra8 21. cxd5 Rxa1+ 22. Qxa1 exd5 23. Nb3 Bc2 24. Qc3 Bxb3 25. Qxb3 b5 26. Qa3 Nb6 27. Qa5 g6 28. g4 h6 29. Bd3 Nc4 30. Qd8+ Kg7 31. g5 hxg5 32. Qxg5 Qd7 33. g4 Qd6 34. Kg2 Qf6 35. Qxf6+ Kxf6 36. e4 Ke6 37. Kg3 g5 38. Kf3 Nb6 39. e5 f6 40. Bf5+ Ke7 41. exf6+ Kxf6 42. Kg3 Na4 43. Bd7 Nc3 44. Bxc6 Ne2+ 45. Kg2 Nxd4 46. Bxd5 Ke5 47. Bb7 Kf4 48. f3 Ke3 49. Ba8 Nc2 50. Bc6 Nd4 51. Bd7 Nc2 52. Bxb5 Nxb4 53. Kg3 Nd5 54. Bc6 Nf4 55. Bb5 Ne6 56. Bc4 Nf4 57. Bf7 Ne2+ 1/2-1/2

[Event "Pan American-ch"]
[Site "Washington DC"]
[Date "2006.12.28"]
[Round "2"]
[White "Rohonyan, Katerina"]
[Black "Yeh, Albert"]
[Result "1-0"]
[WhiteElo "2354"]
[BlackElo "2077"]
[PlyCount "77"]
[EventDate "2006.12.27"]
[EventType "swiss"]
[EventRounds "6"]
[EventCountry "USA"]
[SourceTitle "CBM 116 Extra"]
[Source "ChessBase"]
[SourceDate "2007.03.07"]
[SourceVersion "1"]
[SourceVersionDate "2007.03.07"]
[SourceQuality "1"]

1. e4 c5 2. Nf3 Nc6 3. Bb5 g6 4. 0-0 Bg7 5. Re1 Nf6 6. e5 Nd5 7. Nc3 Nc7 8. Bxc6 dxc6 9. Ne4 Ne6 10. d3 b6 11. Bd2 0-0 12. Qc1 Nd4 13. Nxd4 cxd4 14. Ng3 Qd5 15. Bf4 c5 16. Qd2 b5 17. a4 a6 18. Bh6 Bb7 19. f3 Rfc8 20. Bxg7 Kxg7 21. Qg5 Qe6 22. Nh5+ Kh8 23. Nf4 Qf5 24. Qxe7 Bxf3 25. Rf1 Re8 26. Qxc5 Qxf4 27. Rxf3 Qxe5 28. Qxe5+ Rxe5 29. Rxf7 b4 30. Raf1 Kg8 31. Rc7 Re2 32. Rff7 b3 33. cxb3 Rxb2 34. Rg7+ Kh8 35. Rxh7+ Kg8 36. Rcg7+ Kf8 37. Rxg6 Rxb3 38. Rg4 Re8 39. Rh8+ 1-0

[Event "Texas-ch"]
[Site "Dallas"]
[Date "2003.05.26"]
[Round "7"]
[White "Yeh, Albert"]
[Black "Dejmek, Mark W"]
[Result "1-0"]
[WhiteElo "2018"]
[BlackElo "2185"]
[PlyCount "103"]
[EventDate "2003.05.23"]
[EventType "swiss"]
[EventRounds "7"]
[EventCountry "USA"]
[SourceTitle "EXT 2005"]
[Source "ChessBase"]
[SourceDate "2004.11.15"]
[SourceVersion "1"]
[SourceVersionDate "2004.11.15"]
[SourceQuality "1"]

1. e4 c5 2. Nf3 d6 3. d4 cxd4 4. Qxd4 Bd7 5. c4 Nc6 6. Qd2 Nf6 7. Nc3 a5 8. Bd3 a4 9. 0-0 g6 10. Nd5 Bg7 11. Rb1 Bg4 12. Qe3 0-0 13. Bd2 Bxf3 14. Qxf3 Ne5 15. Qe2 Nxd5 16. cxd5 Nxd3 17. Qxd3 Qd7 18. Rfc1 Rfc8 19. b4 Bf6 20. h3 h5 21. f4 Rxc1+ 22. Rxc1 Rc8 23. Rc4 Kh7 24. Qc2 Bd4+ 25. Kh1 Rxc4 26. Qxc4 Bb6 27. b5 Qc7 28. Qxc7 Bxc7 29. Bb4 Kg7 30. g4 hxg4 31. hxg4 Bb6 32. e5 Bc7 33. exd6 Bxd6 34. Bxd6 exd6 35. g5 Kf8 36. b6 f5 37. Kg2 Ke7 38. Kf3 Kd7 39. Ke3 Kc8 40. Kd4 Kb8 41. Kc4 Kc8 42. Kb4 Kd7 43. Kxa4 Kd8 44. Kb5 Kd7 45. a4 Kc8 46. a5 Kb8 47. a6 bxa6+ 48. Kxa6 Ka8 49. Ka5 Kb8 50. b7 Kxb7 51. Kb5 Kc7 52. Ka6 1-0

[Event "Texas-ch"]
[Site "Dallas"]
[Date "2003.05.26"]
[Round "6"]
[White "Yeung, Clarence"]
[Black "Yeh, Albert"]
[Result "0-1"]
[WhiteElo "2206"]
[BlackElo "2018"]
[PlyCount "76"]
[EventDate "2003.05.23"]
[EventType "swiss"]
[EventRounds "7"]
[EventCountry "USA"]
[SourceTitle "EXT 2005"]
[Source "ChessBase"]
[SourceDate "2004.11.15"]
[SourceVersion "1"]
[SourceVersionDate "2004.11.15"]
[SourceQuality "1"]

1. d4 Nf6 2. c4 g6 3. Nc3 d5 4. Nf3 Bg7 5. Bf4 0-0 6. Rc1 c6 7. e3 Qb6 8. Qd2 Ne4 9. Nxe4 dxe4 10. Ng5 Bf5 11. c5 Qd8 12. Qc2 Qa5+ 13. Qc3 Qxc3+ 14. Rxc3 h6 15. Nh3 e5 16. Bxe5 Bxe5 17. dxe5 Nd7 18. f4 exf3 19. gxf3 Nxe5 20. e4 Nxf3+ 21. Rxf3 Bxe4 22. Be2 Rfe8 23. Rhf1 Bxf3 24. Rxf3 Re5 25. Rc3 Rae8 26. Ng1 Rg5 27. Nf3 Rg2 28. Rc2 Re3 29. b4 Kf8 30. Nd4 Rxh2 31. Nb3 h5 32. Na5 h4 33. Nxb7 h3 34. Nd8 Rhxe2+ 35. Rxe2 Rxe2+ 36. Kxe2 h2 37. Nxc6 h1Q 38. Nxa7 Qb7 0-1

[Event "Texas-ch"]
[Site "Dallas"]
[Date "2003.05.24"]
[Round "3"]
[White "Yeh, Albert"]
[Black "Newsham, Joshua S"]
[Result "1-0"]
[WhiteElo "2042"]
[BlackElo "2063"]
[PlyCount "65"]
[EventDate "2003.05.23"]
[EventType "swiss"]
[EventRounds "7"]
[EventCountry "USA"]
[SourceTitle "EXT 2005"]
[Source "ChessBase"]
[SourceDate "2004.11.15"]
[SourceVersion "1"]
[SourceVersionDate "2004.11.15"]
[SourceQuality "1"]

1. e4 c5 2. Nf3 Nc6 3. Bb5 g6 4. 0-0 Bg7 5. c3 Nf6 6. Re1 0-0 7. d4 cxd4 8. cxd4 a6 9. Bf1 d6 10. h3 d5 11. e5 Ne8 12. Nc3 Nc7 13. Be3 f6 14. Qb3 fxe5 15. Nxe5 Qd6 16. Ne4 Bxe5 17. Nxd6 Bxd6 18. Rac1 Kg7 19. g3 Bd7 20. Bg2 Na5 21. Qc3 Nc6 22. a3 Rac8 23. Qd2 Rf7 24. h4 Re8 25. Bh6+ Kg8 26. f4 e6 27. Bf1 Rb8 28. Kg2 Ne7 29. Bd3 Nf5 30. Bxf5 gxf5 31. h5 Kh8 32. Bg5 Re8 33. Qa5 1-0

[Event "Texas-ch"]
[Site "Dallas"]
[Date "2002.05.25"]
[Round "2.8"]
[White "Yeh, Albert"]
[Black "Epstein, Robert"]
[Result "1-0"]
[WhiteElo "1983"]
[BlackElo "2087"]
[PlyCount "127"]
[EventDate "2002.05.24"]
[EventType "swiss"]
[EventRounds "7"]
[EventCountry "USA"]
[SourceTitle "EXT 2003"]
[Source "ChessBase"]
[SourceDate "2002.11.25"]
[SourceVersion "1"]
[SourceVersionDate "2002.11.25"]
[SourceQuality "1"]

1. e4 d5 2. Nc3 dxe4 3. Nxe4 Nf6 4. Ng3 e6 5. Nf3 c5 6. Bc4 Nc6 7. d3 Be7 8. 0-0 0-0 9. Bd2 Na5 10. Bb3 Nxb3 11. axb3 b6 12. Qe2 Bb7 13. Ne5 Nd5 14. Nc4 a5 15. Ne4 Nf6 16. Rfd1 Nxe4 17. dxe4 Qc7 18. Bc3 Rfd8 19. Qg4 Bf8 20. Be5 Qc6 21. f3 Ba6 22. Qg5 Rxd1+ 23. Rxd1 Bxc4 24. bxc4 h6 25. Qd2 f6 26. Bc3 b5 27. Qd3 b4 28. Qd7 Qxd7 29. Rxd7 a4 30. Kf2 a3 31. bxa3 bxa3 32. Rd1 Ra4 33. Ke2 Rxc4 34. Be1 Rd4 35. Bf2 Ra4 36. Be1 c4 37. Bc3 Bb4 38. Bxb4 Rxb4 39. Ra1 Kf7 40. Rxa3 g5 41. Kd2 h5 42. Ra1 Rb7 43. Kc3 Rc7 44. Ra4 h4 45. h3 Ke7 46. Rxc4 Ra7 47. Rd4 Ra1 48. Rd2 e5 49. Kb2 Ra8 50. c4 f5 51. exf5 Kf6 52. c5 Kxf5 53. c6 Ke6 54. Rd7 Rb8+ 55. Rb7 Rc8 56. c7 Kf5 57. Kc3 Kf4 58. Kd3 Kg3 59. Rb2 Rxc7 60. Ke4 Re7 61. Kf5 Kh2 62. Rd2 Kg1 63. Kxg5 Rg7+ 64. Kxh4 1-0

[Event "Texas Masters"]
[Site "Dallas"]
[Date "2002.04.13"]
[Round "3"]
[White "Yeh, Albert"]
[Black "Milovanovic, Rade"]
[Result "0-1"]
[WhiteElo "1901"]
[BlackElo "2427"]
[PlyCount "72"]
[EventDate "2002.04.12"]
[EventType "swiss"]
[EventRounds "5"]
[EventCountry "USA"]
[SourceTitle "EXT 2003"]
[Source "ChessBase"]
[SourceDate "2002.11.25"]
[SourceVersion "1"]
[SourceVersionDate "2002.11.25"]
[SourceQuality "1"]

1. e4 c5 2. Nf3 Nc6 3. Bb5 g6 4. 0-0 Bg7 5. c3 Nf6 6. d3 0-0 7. h3 a6 8. Bxc6 dxc6 9. Qe2 b6 10. Bg5 h6 11. Be3 a5 12. c4 Re8 13. e5 Nh7 14. Qd2 g5 15. d4 cxd4 16. Bxd4 c5 17. Bc3 Qxd2 18. Nbxd2 Nf8 19. Rfe1 Bb7 20. b3 Ne6 21. g3 Red8 22. Re3 Rd7 23. a3 h5 24. Ne1 Rad8 25. Ra2 g4 26. h4 Bh6 27. Re2 Nd4 28. Bxd4 Rxd4 29. Nf1 e6 30. Ne3 Re4 31. Kf1 Kh7 32. N3g2 Rd1 33. Rxe4 Bxe4 34. Ke2 Rb1 35. f4 gxf3+ 36. Nxf3 Rxb3 0-1

[Event "Texas Masters"]
[Site "Dallas"]
[Date "2002.04.13"]
[Round "1"]
[White "Yeh, Albert"]
[Black "Whatley, Andrew"]
[Result "1-0"]
[WhiteElo "1901"]
[BlackElo "2339"]
[PlyCount "115"]
[EventDate "2002.04.12"]
[EventType "swiss"]
[EventRounds "5"]
[EventCountry "USA"]
[SourceTitle "EXT 2003"]
[Source "ChessBase"]
[SourceDate "2002.11.25"]
[SourceVersion "1"]
[SourceVersionDate "2002.11.25"]
[SourceQuality "1"]

1. e4 e6 2. d4 d5 3. Nc3 Nc6 4. e5 f6 5. exf6 Nxf6 6. Nf3 Bd6 7. Bb5 0-0 8. 0-0 a6 9. Ba4 Qe8 10. Qd3 b5 11. Bb3 Qh5 12. Ne2 Ne4 13. Ng3 Nxg3 14. fxg3 Bd7 15. Be3 Na5 16. Rae1 b4 17. Ng5 Rxf1+ 18. Qxf1 h6 19. Qf3 Qxf3 20. Nxf3 Nxb3 21. axb3 Be8 22. Bf4 Bd7 23. Ne5 Bb5 24. Nf3 Re8 25. Nd2 g5 26. Be5 Bxe5 27. Rxe5 Kf7 28. c4 Bc6 29. c5 Kf6 30. g4 a5 31. Nf3 a4 32. bxa4 Bxa4 33. Re1 Ra8 34. Ra1 Ra6 35. Kf2 Bb5 36. Rxa6 Bxa6 37. Ne5 Bb5 38. g3 Kg7 39. Ke3 Kf6 40. h4 Kg7 41. Kd2 Kf6 42. Kc2 Ba4+ 43. Kc1 Bb5 44. Kb1 Kg7 45. Kc2 Ba4+ 46. Kd2 Bb5 47. Ke3 Kf6 48. Nf3 Bc4 49. Ne1 e5 50. Nc2 b3 51. Na3 e4 52. Nb1 Bd3 53. Nd2 Bc4 54. Kf2 Ke7 55. Nb1 Kf6 56. h5 Kg7 57. Nc3 Kf7 58. Nd1 1-0

[Event "Dallas CC Grand Prix3"]
[Site "Dallas"]
[Date "2001.07.14"]
[Round "1"]
[White "Yeh, Albert"]
[Black "Sarkisian, Drew J"]
[Result "0-1"]
[WhiteElo "1859"]
[BlackElo "2192"]
[PlyCount "66"]
[EventDate "2001.07.14"]
[EventType "swiss"]
[EventRounds "5"]
[EventCountry "USA"]
[SourceTitle "EXT 2005"]
[Source "ChessBase"]
[SourceDate "2004.11.15"]
[SourceVersion "1"]
[SourceVersionDate "2004.11.15"]
[SourceQuality "1"]

1. e4 Nc6 2. Nf3 d6 3. d4 Bg4 4. c3 Nf6 5. Bd3 e6 6. 0-0 Be7 7. Be3 0-0 8. Nbd2 Bh5 9. h3 d5 10. e5 Nd7 11. Qe1 Ncb8 12. Nh2 c5 13. f4 f5 14. g4 Bg6 15. Ndf3 Nc6 16. Ng5 Bxg5 17. fxg5 f4 18. Bxg6 fxe3 19. Rxf8+ Nxf8 20. Bd3 cxd4 21. cxd4 Qxg5 22. Nf3 Qf4 23. Qe2 Nxd4 24. Nxd4 Qxd4 25. Rf1 Nd7 26. Rf3 Nxe5 27. Rxe3 Nxd3 28. Qxd3 Qxd3 29. Rxd3 Rc8 30. Rd2 Kf7 31. Kf2 Ke7 32. Ke3 Kd6 33. Rf2 Rc7 0-1